Sen. Dan Sullivan Voting History Quiz - 116th Congress - Statistics

General Stats
  • This quiz has been taken 2 times
  • The average score is 19 of 36
Answer Stats
Question Answer % Correct
Restricting President Trump from taking military action against Iran without congressional approval (55-45) No
100%
Nomination of Amy Coney Barrett to be an associate justice of the Supreme Court (52-48) Yes
100%
Nomination of John L. Ratcliffe to be director of national intelligence (49-44) Yes
100%
$2 trillion economic stimulus package in response to the coronavirus pandemic (96-0) Yes
100%
Providing assistance to people affected by the coronavirus (90-8) Yes
100%
Whether to convict President Trump on a charge of obstruction of Congress (47-53) No
50%
Whether to convict President Trump on a charge of abuse of power (48-52) No
50%
Reversing Trump administration guidance on Affordable Care Act waivers (43-52) No
50%
Repeal of an Internal Revenue Service regulation on state and local tax deductions (43-52) No
50%
Repeal of an Environmental Protection Agency rule on emissions (41-53) No
50%
Overturning President Trump’s emergency declaration for border wall funding (54-41) No
50%
Providing humanitarian aid for the U.S.-Mexico border (37-55) No
50%
Overriding President Trump’s veto of a bill ending U.S. military assistance to Saudi-led forces in the war in Yemen (53-45) No
50%
Overturning President Trump’s emergency declaration for border wall funding (59-41) No
50%
Funding the federal government through Feb. 8, without money for a border wall (52-44) No
50%
Disapproving of the Trump administration’s plan to lift sanctions on three Russian companies (57-42) No
50%
Nomination of Russell Vought to be director of the office of management and budget (51-45) Yes
50%
Reversing a Department of Education regulation on student loans (53-42) Yes
50%
United States-Mexico-Canada trade agreement (89-10) Yes
50%
Nomination of Jovita Carranza to be administrator of the Small Business Administration (88-5) Yes
50%
Nomination of Dan R. Brouillette to be secretary of energy (70-15) Yes
50%
Funding the Department of Commerce, the Department of Justice and several other parts of the government (84-9) Yes
50%
Nomination of Eugene Scalia to be secretary of labor (53-44) Yes
50%
Two-year budget bill (67-28) Yes
50%
Nomination of Mark T. Esper to be secretary of defense (90-8) Yes
50%
Providing disaster relief money, including additional aid for Puerto Rico (85-8) Yes
50%
Nomination of David Bernhardt to be secretary of the interior (56-41) Yes
50%
Nomination of Andrew Wheeler to be administrator of the Environmental Protection Agency (52-47) Yes
50%
Setting requirements for the care of infants born after failed abortions (53-44) Yes
50%
Nomination of William Barr to be attorney general (54-45) Yes
50%
Disapproving of withdrawal of U.S. forces from Afghanistan and Syria (70-26) Yes
50%
Funding the federal government through Sept. 30 and providing $5.7 billion for a border wall (50-47) Yes
50%
Permanent ban on the use of federal funds for abortion or health coverage that includes abortions (48-47) Yes
50%
Blocking the sale of arms to Saudi Arabia and the United Arab Emirates (51-45) No
0%
Blocking the sale of arms to Saudi Arabia (53-45) No
0%
Ending U.S. military assistance to Saudi-led forces in the war in Yemen (54-46) No
0%
No matching quizzes found
Score Distribution
Percent of People with Each Score
Percentile by Number Answered
Your Score History
You have not taken this quiz